1999 1324 1800 1416 1295 1704 1202 1458 1127 1462 1107 1502 1510 1807 1212 1906 1094 1033 1815 1574 1815 1449 1312 1176 1408 1295 1788 1504 1451 1424 1700 1875 1560 1688 1357 1484 1539 1189 1842 1290 1004 1766 1384 1090 1580 1498 1845 1073 1280 1780 1023 1809 1198 1414 1363 1289 1291 1160 1324 1510 1766 1183 1380 1015 1018 1298 1059 1605 1105 1296 1724 1837 1640 1689 1247 1868 1207 1624 1308 1248 1435 1369 1654 1751 1994 1228 1634 1731 1061 1237 1619 1321 1156 1413 1584 1791 1207 1513 1133 BCNSPRNW ULIB Ver.6.0+V

เปลี่ยนเป็นภาษาไทย

Change to English
 แสดงรายละเอียดบรรณานุกรม
  กลับหน้าหลัก

Brief Record : Get Marc (ISO 2709) : E-mail record : QR code < ปิดหน้าต่าง
LEADER : 00000nam 2200000uu 4500
001    13399110977
003     ULIB
008    110614s2007||||th 000 0 eng d
020    0978921208
024    9780978921200
060 04 WH120^bA827 2007
245 00 ASH-SAP :^bAmerican Society of Hematology self-assessmentprogram /^ceditors, James N. George, Michael E. Williams ;associate editors for pediatrics, George Buchanan ... [et al.]
246 30 American Society of Hematology self-assessment program
250    3rd ed.
260    Malden, Mass. :^bBlackwell Pub.,^c2007
300    xii, 526 p. :^bcol. ill. ;^c29 cm. +^e1 questions &answers
504    Includes bibliographical references and index
650  2 Hematologic Diseases
650  2 Hematologic Diseases^vexamination questions
700 1  George, James N.
700 1  Williams, michael E.^q(Michael Eugene),^d1951- ,^eed.
710 2  American Society of Hematology
945    ^p0^l0^i030144
995    Kesorn
999 ^a ใช้งานได้ทุกระบบ
รายการนี้ยังไม่มีแท็ก
คุณยังไม่ได้ล็อกอิน คุณสามารถมีกิจกรรมร่วมกับเว็บไซต์ได้ แต่ต้องล็อกอินก่อน ::
  ล็อกอิน

รายการสื่อสารสนเทศ

ลำดับที่ ประเภท เลขเรียก/บาร์โค้ด สถานที่ สถานะ
- ไม่พบข้อมูล -

รายการใกล้เคียง
    หัวเรื่อง [Hematologic Diseases]

BibComment


ยังไม่เคยถูกคอมเมนท์

คอมเมนท์ทรัพยากรรายการนี้
  คอมเมนท์: ASHSAP American ..


 Copyright 2026. Bcnsprnw @Library